书目信息 |
| 题名: |
京剧人物
|
|
| 作者: | 赵梦林 撰文·绘画 | |
| 分册: | ||
| 出版信息: | 北京 朝华出版社 1999 |
|
| 页数: | 122页 | |
| 开本: | 25cm | |
| 丛书名: | ||
| 单 册: | ||
| 中图分类: | J821.31 | |
| 科图分类: | ||
| 主题词: | 京剧-造型(艺术) , 造型(艺术)-京剧 , 脸谱-京剧--中国--图集 , 京剧-脸谱--中国--图集 | |
| 电子资源: | ||
| ISBN: | 7-5054-0648-5 | |
| 000 | 00904nam0 2200253 450 | |
| 005 | 20061207111213.46 | |
| 010 | @a7-5054-0648-5@dCNY68.00 | |
| 100 | @a20060829d1999 em y0chiy0121 ea | |
| 101 | 0 | @achi |
| 102 | @aCN@b110000 | |
| 105 | @aa z 001yy | |
| 200 | 1 | @a京剧人物@Ajing ju ren wu@f赵梦林撰文·绘画@FZhao Meng Lin Zhuan Wen· Hui Hua |
| 210 | @a北京@c朝华出版社@d1999 | |
| 215 | @a122页@d25cm | |
| 314 | @a赵梦林(1952~),生于内蒙古察右前旗,祖籍山西忻州,代表作有《三国人物绣像》、《京剧脸谱》等。 | |
| 330 | @a本书主要内容有:妙笔丹青现梨园;翁偶虹先生题词;李万春先生赠画;京剧人物的造型艺术;京剧人物图谱等。 | |
| 606 | @a京剧-造型(艺术) | |
| 606 | @a造型(艺术)-京剧 | |
| 606 | @a脸谱-京剧@y中国@x图集 | |
| 606 | @a京剧-脸谱@y中国@x图集 | |
| 690 | @aJ821.31@v4 | |
| 701 | 0 | @a赵梦林@Azhao meng lin@4撰文·绘画 |
| 801 | 0 | @aCN@b中图数据@c20061207 |
| 905 | @a10447@dJ821.31@e85 | |
| 京剧人物/赵梦林撰文·绘画.-北京:朝华出版社,1999 |
| 122页;25cm |
| ISBN 7-5054-0648-5:CNY68.00 |
| 本书主要内容有:妙笔丹青现梨园;翁偶虹先生题词;李万春先生赠画;京剧人物的造型艺术;京剧人物图谱等。 |
| ● |
| 相关链接 |
|
|
|
|
正题名:京剧人物
索取号:J821.31/85
 
预约/预借
| 序号 | 登录号 | 条形码 | 馆藏地/架位号 | 状态 | 备注 |
| 1 | 0618025 | 206180256 | 第一样本阅览室/ [索取号:J821.31/85] | 在馆 | |
| 2 | 0618026 | 206180265 | 第一借阅区/ [索取号:J821.31/85] | 在馆 | |
| 3 | 0618027 | 206180274 | 第一借阅区/ [索取号:J821.31/85] | 在馆 |